|
|
|
|
| LEADER |
00000ny a22000003n 4500 |
| 005 |
20110621102256.0 |
| 008 |
021011s2005 sp 001 0 spa d |
| 035 |
|
|
|a 1136
|
| 040 |
|
|
|a SpMaUCDE
|d vLex
|
| 090 |
|
|
|c 901
|d 901
|
| 245 |
0 |
3 |
|a La aplicacin̤ judicial de la nueva ley de enjuiciamiento civil
|h [Recurso electrn̤ico]
|c Joan Pic ̤i Junoy (director) ; Esther Rojo Beltrǹ...[et al.]
|
| 256 |
|
|
|a Servicio en ln̕ea
|
| 260 |
|
|
|a Barcelona :
|b Bosch,
|c 2005
|
| 300 |
|
|
|a p. ;
|c cm
|
| 506 |
1 |
|
|a Contenido solo disponible en los productos indicados
|d vLex Global
|d vLex Global (Academic Edition, excluding Law Schools)
|d vLex Global (U.S. Academic Edition, Law Schools)
|d vLex Global (U.S. Academic Edition, excluding Law Schools)
|d vLex Global (Academic Edition, Law Schools)
|
| 650 |
0 |
7 |
|a Derecho internacional
|2 Tesauro vLex
|
| 650 |
0 |
7 |
|a Civil
|2 Tesauro vLex
|
| 700 |
1 |
|
|a Pic ̤i Junoy, Joan,
|e ed. lit.
|
| 700 |
1 |
|
|a Rojo Beltrǹ, Esther
|
| 740 |
0 |
|
|a vLex Libros (Servicios en ln̕ea)
|
| 856 |
4 |
0 |
|u http://vlex.com/source/1136
|z Acceso restringido
|
| 942 |
|
|
|c BOOK
|
| 999 |
0 |
|
|a International Law
|b Barcelona
|